[Event "GER-chT U20 Girls"]
[Site "Naunhof"]
[Date "2005.12.28"]
[Round "3.4"]
[White "Hahn, Katharina"]
[Black "Behm, Lisa"]
[Result "1-0"]
[WhiteElo "1153"]
[BlackElo "1268"]
[PlyCount "67"]
[EventDate "2005.12.27"]
[EventType "team-swiss"]
[EventRounds "7"]
[EventCountry "GER"]
[SourceTitle "CBM 110 Extra"]
[Source "ChessBase"]
[SourceDate "2006.03.10"]
[SourceVersion "2"]
[SourceVersionDate "2006.03.10"]
[SourceQuality "1"]

1. d4 Nf6 2. c4 g6 3. Nc3 Bg7 4. Nf3 d6 5. e4 0-0 6. Be2 Nbd7 7. 0-0 e5 8. Bg5 h6 9. Bxf6 Bxf6 10. d5 Bg7 11. b4 f5 12. Bd3 a5 13. a3 b6 14. Qc2 Qf6 15. Nb5 c6 16. dxc6 Nb8 17. Nc7 Ra7 18. Nd5 Qe6 19. b5 Raf7 20. Nxb6 Re8 21. c5 dxc5 22. Bc4 Qe7 23. Bxf7+ Kxf7 24. exf5 Bxf5 25. Qa4 e4 26. Rfe1 Bxa1 27. Nd2 Bc3 28. Qc4+ Kf8 29. Qxc3 Qg5 30. f3 Bh3 31. Re2 exf3 32. Qxf3+ Bf5 33. Rxe8+ Kxe8 34. c7 1-0

[Event "GER-chT U20 Girls"]
[Site "Naunhof"]
[Date "2005.12.27"]
[Round "1.3"]
[White "Erben, Larissa"]
[Black "Hahn, Katharina"]
[Result "1-0"]
[WhiteElo "1764"]
[BlackElo "1153"]
[PlyCount "29"]
[EventDate "2005.12.27"]
[EventType "team-swiss"]
[EventRounds "7"]
[EventCountry "GER"]
[SourceTitle "CBM 110 Extra"]
[Source "ChessBase"]
[SourceDate "2006.03.10"]
[SourceVersion "2"]
[SourceVersionDate "2006.03.10"]
[SourceQuality "1"]

1. e4 e6 2. d4 d5 3. exd5 Qxd5 4. c4 Qd8 5. Nc3 Bb4 6. Nf3 Nf6 7. Bd3 0-0 8. 0-0 Nc6 9. Bg5 Bxc3 10. bxc3 Re8 11. Qc2 g6 12. Ne5 Kg7 13. Ng4 Bd7 14. Bxf6+ Qxf6 15. Nxf6 1-0